Catálogo
 En Linea

Cómo ser un emprendedor exitoso / (Registro nro. 39308)

Detalles MARC
000 -CABECERA
campo de control de longitud fija 00521nam a2200145 a 4500
001 - NÚMERO DE CONTROL
campo de control 000039818
005 - FECHA Y HORA DE LA ÚLTIMA TRANSACCIÓN
campo de control 20201002033743.0
008 - DATOS DE LONGITUD FIJA--INFORMACIÓN GENERAL
campo de control de longitud fija 130723s2006 cl 000 0 spa d
040 ## - FUENTE DE LA CATALOGACIÓN
Centro catalogador/agencia de origen DO-SdBNP
Lengua de catalogación spa
Centro/agencia transcriptor BNPHU
100 1# - ENTRADA PRINCIPAL--NOMBRE DE PERSONA
Nombre de persona Kreimer, Nataniel
9 (RLIN) 66012
245 10 - MENCIÓN DE TÍTULO
Título Cómo ser un emprendedor exitoso /
Mención de responsabilidad, etc. Nataniel Kreimer.
246 14 - FORMA VARIANTE DE TÍTULO
Título propio/Titulo breve Planiación estratégica :
Resto del título cómo ser un emprendedor exitoso y no fracasar en un intento
260 ## - PUBLICACIÓN, DISTRIBUCIÓN, ETC.
Lugar de publicación, distribución, etc. Colombia :
Nombre del editor, distribuidor, etc. Arquetipo grupo editorial,
Fecha de publicación, distribución, etc. 2006.
300 ## - DESCRIPCIÓN FÍSICA
Extensión 392 p. :
Otras características físicas il.,retrs. ;
Dimensiones 27 cm.
Existencias
Estado de retiro Estado de pérdida Restricciones de uso No para préstamo Código de colección Localización permanente Ubicación/localización actual Ubicación en estantería Fecha de adquisición Número de inventario Total de préstamos Signatura topográfica completa Código de barras Fecha visto por última vez Precio válido a partir de Tipo de ítem Koha
      Excluido de préstamo Monografías: Libros y Folletos General General En catalogación 23.07.2013 LF1   39818-10 25.06.2020 25.06.2020 No se presta

Con tecnología Koha